South Eastern Kenya University

Library Online Public Access Catalogue


Computerized medical office procedures : (Record no. 9746)

MARC details
000 -LEADER
fixed length control field 00492nam a22001697a 4500
003 - CONTROL NUMBER IDENTIFIER
control field OSt
005 - DATE AND TIME OF LATEST TRANSACTION
control field 20151112124936.0
008 - FIXED-LENGTH DATA ELEMENTS--GENERAL INFORMATION
fixed length control field 151112b xxu||||| |||| 00| 0 eng d
040 ## - CATALOGING SOURCE
Original cataloging agency SEKU
050 ## - LIBRARY OF CONGRESS CALL NUMBER
Classification number R 864
Item number .L37
100 ## - MAIN ENTRY--PERSONAL NAME
Personal name Larsen, D. William
245 ## - TITLE STATEMENT
Title Computerized medical office procedures :
Remainder of title a worktext
Statement of responsibility, etc. William D. Larsen.
260 ## - PUBLICATION, DISTRIBUTION, ETC. (IMPRINT)
Place of publication, distribution, etc. St. Louis, :
Name of publisher, distributor, etc. Elsevier/Saunders,
Date of publication, distribution, etc. c2011
300 ## - PHYSICAL DESCRIPTION
Extent 380p.:
650 ## - SUBJECT ADDED ENTRY--TOPICAL TERM
Topical term or geographic name as entry element MediSoft.
Form subdivision Medical offices
General subdivision Automation.
942 ## - ADDED ENTRY ELEMENTS (KOHA)
Source of classification or shelving scheme Library of Congress Classification
Koha item type General circulation
Holdings
Withdrawn status Lost status Source of classification or shelving scheme Damaged status Not for loan Home library Current library Shelving location Date acquired Source of acquisition Total Checkouts Full call number Barcode Date last seen Price effective from Koha item type
    Library of Congress Classification     Main Campus Library Main Campus Library General Stacks 12/11/2015 Donation-Books for Africa   R 864 .L37 2015/009741 12/11/2015 12/11/2015 General circulation
Kitui, Kenya.
+254736116989
library@seku.ac.ke